La politique industrielle de la communaute

Gardado en:
Detalles Bibliográficos
Formato: Libro
Idioma:Undetermined
Publicado: Paris Commission des Communautes Europeennes 1970
Những chủ đề:
Các nhãn: Engadir etiqueta
Sen Etiquetas, Sexa o primeiro en etiquetar este rexistro!
Thư viện lưu trữ: Trung tâm Học liệu Trường Đại học Cần Thơ
LEADER 00434nam a2200145Ia 4500
001 CTU_85628
008 210402s9999 xx 000 0 und d
082 |a 338.9 
082 |b P769 
245 0 |a La politique industrielle de la communaute 
260 |a Paris 
260 |b Commission des Communautes Europeennes 
260 |c 1970 
650 |a economic policy,industrial policy 
980 |a Trung tâm Học liệu Trường Đại học Cần Thơ